Технические заметки. №6: Улучшение аэродинамических свойств крыла путем отсасывания и сдувания пограничного слоя (Запись № 4660110)

Подробности
000 -МАРКЕР
контрольное поле 01569nam2a22002651 4500
001 - ИДЕНТИФИКАТОР ЗАПИСИ
контрольное поле RU\NLR\INFOCOMM31\5000084527
005 - ИДЕНТИФИКАТОР ВЕРСИИ
контрольное поле 20250617025857.0
035 ## - ДРУГИЕ СИСТЕМНЫЕ НОМЕРА
Идентификатор записи (NLR Aleph) 002401174
100 ## - ДАННЫЕ ОБЩЕЙ ОБРАБОТКИ
Данные общей обработки 20050117d1932 |||y0rusy50 ca
101 0# - ЯЗЫК РЕСУРСА
Язык текста, звукозаписи и т.д. русский
102 ## - СТРАНА ПУБЛИКАЦИИ ИЛИ ПРОИЗВОДСТВА
Страна публикации Российская Федерация
105 ## - ПОЛЕ КОДИРОВАННЫХ ДАННЫХ: ТЕКСТОВЫЕ МАТЕРИАЛЫ, МОНОГРАФИЧЕСКИЕ
Кодированные данные о монографическом текстовом документе y ||||000|y
200 1# - ЗАГЛАВИЕ И СВЕДЕНИЯ ОБ ОТВЕТСТВЕННОСТИ
Основное заглавие Улучшение аэродинамических свойств крыла путем отсасывания и сдувания пограничного слоя
Первые сведения об ответственности П.П. Красильщиков
210 ## - ПУБЛИКАЦИЯ, РАСПРОСТРАНЕНИЕ И ДР.
Дата издания, распространения и т.д. 1932
Место издания, распространения и т.д. Б. м.
423 #0 - ИЗДАЕТСЯ В ОДНОЙ ОБЛОЖКЕ ВМЕСТЕ С ...
Встроенное поле 2001#$aИсследование самолетов с переменной площадью крыла$fВ. Шмейдлер
-- 700#1$aШмейдлер$bВ.
Заглавие Исследование самолетов с переменной площадью крыла
Автор Шмейдлер, В.
461 #0 - УРОВЕНЬ НАБОРА
Встроенное поле 001RU\NLR\INFOCOMM31\5000084321
-- 2001#$aТехнические заметки$fЦентр. аэро-гидродинам. ин-т им. проф. Н.Е. Жуковского$v№6
Системный номер (АБИС) связанной записи 4659747
Автор Центральный аэрогидродинамический институт имени Н.Е. Жуковского (Москва)
Место публикации М.
Дата публикации 1932-1939
Первые сведения об ответственности Центр. аэро-гидродинам. ин-т им. проф. Н.Е. Жуковского
Заглавие Технические заметки
Номер тома №6
700 #1 - ИМЯ ЛИЦА - ПЕРВИЧНАЯ ОТВЕТСТВЕННОСТЬ
Начальный элемент ввода Красильщиков
Часть имени, кроме начального элемента ввода П.П.
Код отношения Автор
801 #1 - ИСТОЧНИК ЗАПИСИ
Страна Российская Федерация
Организация InfoComm
Дата составления 20050117
801 #0 - ИСТОЧНИК ЗАПИСИ
Страна Российская Федерация
Организация NLR
Правила каталогизации PSBO
852 ## - МЕСТОНАХОЖДЕНИЕ И ШИФР ХРАНЕНИЯ
Идентификатор организации NLR
Шифр хранения (Call Number) П11/1014
942 ## - ДОПОЛНИТЕЛЬНЫЕ ЭЛЕМЕНТЫ ЗАПИСИ (АБИС)
Тип экземпляра АБИС Выпуск
980 ## - КОЛЛЕКЦИЯ
Название коллекции Национальная библиография
980 ## - КОЛЛЕКЦИЯ
Название коллекции Русская периодика

Нет доступных экземпляров.